000 01045nac a22003497a 4500
001 BR0803152
003 BR-BrBNA
005 20240105123545.0
008 230509b bl.|||m| |||| 00| 0 por d
040 _aBR-BrBNA
_bpor
_cBiblioteca Nacional de Agricultura
072 _aL70; L73
090 _a5300 BR0803152
100 1 _aKich, J.D.
100 1 _aSchwarz, P.
100 1 _aCardoso, M.
100 1 _aTriques, N.J.
100 1 _aVizzotto, R.
100 1 _aRamenzoni, M.L.F.
110 1 _aEMBRAPA Suínos e Aves, Concórdia, SC (Brasil)
245 1 _aO uso da sorologia (Elisa)para monitorar a infecção por salmonella em rebanhos suínos
260 3 _aConcórdia, SC (Brasil):
_c2006.
300 _a4 p.
490 _aComunicado Técnico - EMBRAPA Suínos e Aves (Brazil)
_vno. 442
_xISSN 0100-8862
500 _a11 ref.
650 _aSUÍNO
650 _aSALMONELLA
650 _aSALMONELOSE
650 _aELISA
650 _aINFECÇÃO
909 _a202312
_bLúcia Elande
_c55
_dLúcia Elande
942 _2AGRIS
_n0
_cMS
999 _c295987
_d295987